000 00883nmc a2200325 a 4500
003 AR-BaBNM
005 20251128204759.0
008 166019s1992 ||||||||||||||000 | spa||
020 _a950-557-079-1
040 _cAR-BaBNM
100 1 _aFoucault, Michel
245 1 0 _aHistoria de la locura en la época clásica
_n1
250 _a1ª ed.
260 _aBuenos Aires
_bFondo de Cultura Económica
_c1992
300 0 _a575 p.
490 0 _aBreviarios
_vv. 191
500 0 _aContiene notas en p. 531-574
650 4 _aSOCIOLOGIA CULTURAL
650 4 _aHISTORIA SOCIAL
650 4 _aENFERMEDADES MENTALES
650 4 _aLOCURA
650 4 _aHISTORIA DE LA MEDICINA
650 4 _aENFERMOS MENTALES
650 4 _aPSIQUIATRIA
650 4 _aDISCRIMINACION
650 4 _aESTUDIOS DE CASOS
700 1 _aUtrilla, Juan José
_etraductor
942 _cBK
998 _cMARTIN
999 _c8795
_d8795